The heart of the matter (Record no. 10804)
[ view plain ]
| 000 -LEADER | |
|---|---|
| fixed length control field | 00367 a2200145 4500 |
| 020 ## - INTERNATIONAL STANDARD BOOK NUMBER | |
| International Standard Book Number | 9780099478423 |
| 040 ## - CATALOGING SOURCE | |
| Original cataloging agency | DLC |
| Language of cataloging | DLC |
| 082 ## - DEWEY DECIMAL CLASSIFICATION NUMBER | |
| Classification number | 823.912 |
| 100 ## - MAIN ENTRY--PERSONAL NAME | |
| Personal name | Greene, Graham |
| 245 ## - TITLE STATEMENT | |
| Title | The heart of the matter |
| Statement of responsibility, etc. | Graham Greene |
| 260 ## - PUBLICATION, DISTRIBUTION, ETC. | |
| Place of publication, distribution, etc. | London |
| Name of publisher, distributor, etc. | Vintage books |
| Date of publication, distribution, etc. | 2001255 p. |
| 650 ## - SUBJECT ADDED ENTRY--TOPICAL TERM | |
| Topical term or geographic name entry element | English fiction |
| 700 ## - ADDED ENTRY--PERSONAL NAME | |
| Personal name | Graham Greene |
| 942 ## - ADDED ENTRY ELEMENTS (KOHA) | |
| Koha item type | Book |
| Call number prefix | 823.912 GRE |
| Source of classification or shelving scheme | |
| Withdrawn status | Lost status | Damaged status | Not for loan | Collection code | Permanent Location | Current Location | Shelving location | Date acquired | Source of acquisition | Cost, normal purchase price | Total Checkouts | Full call number | Barcode | Date last seen | Date last checked out | Price effective from | Koha item type |
|---|---|---|---|---|---|---|---|---|---|---|---|---|---|---|---|---|---|
| Central Library (CL) | Central Library (CL) | Fiction | 03/27/2012 | Eagle Information Marketing | 1204.88 | 2 | 823.912 GRE | SEECS010976 | 05/27/2014 | 04/20/2014 | 01/05/2017 | Book |
